00596nam a2200157 a 450000100100000000500170001000800410002704000250006810000310009324500370012426000670016130000200022804900090024895201640025799900170042100003131920200930062840.0110620s1948 dr 000 0 spa d aDO-SdBNPbspacBNPHU1 aPadilla B., Juan E.94953310aPerennidad /cJuan E. Padilla B. aCiudad Trujillo, República Dominicana :bImpreso ABC,c1948. a37 p. ;c17 cm. aBNPD 0010718PDaPDbPDcCTd2011-06-20iLF1l0o p31319-10r2020-06-25w2020-06-25yLFPDzPerteneció a la biblioteca personal de Martínez Boog.ZNo se presta c30811d30811